Amendment to code of fair competition for the dress manufacturing industry as approved on January 23, 1935.

Bibliographic Details
Corporate Author: United States. National Recovery Administration (Author)
Format: Government Document eBook
Language:English
Published: Washington : United States Government Printing Office, 1935.
Subjects:
Online Access:https://purl.fdlp.gov/GPO/gpo47929

MARC

Tag First Indicator Second Indicator Subfields
LEADER 00000cam a2200000 i 4500
001 in00003455331
005 20211120171944.0
006 m o d f
007 cr |||
008 130901s1935 dcu o f000 0 eng c
019 |a 857368228 
035 |a (OCoLC)ocn857368136 
040 |a OCLCE  |b eng  |e rda  |e pn  |c OCLCE  |d GPO  |d MvI  |d UtOrBLW 
042 |a dlr 
043 |a n-us--- 
049 |a WWW 
074 |a 9999 (online) 
086 0 |a Y 3.N 21/8:7 AP.64/AMDT.5  |z Y 3.N 21/8:7/228-01/Amend.5 
110 1 |a United States.  |b National Recovery Administration,  |e author. 
245 1 0 |a Amendment to code of fair competition for the dress manufacturing industry as approved on January 23, 1935. 
264 1 |a Washington :  |b United States Government Printing Office,  |c 1935. 
300 |a 1 online resource (4 pages) 
336 |a text  |b txt  |2 rdacontent 
337 |a computer  |b c  |2 rdamedia 
338 |a online resource  |b cr  |2 rdacarrier 
500 |a Title from title screen (viewed on April 16, 2014). 
500 |a Publication pre-dates item numbers. No item number has been assigned. 
500 |a "Registry Number 228-01." 
500 |a "Approved Code Number 64--Amendment Number 5." 
650 0 |a Dressmaking  |z United States. 
650 0 |a Clothing trade  |z United States. 
776 0 8 |i Print version:  |a United States. National Recovery Administration.  |t Amendment to code of fair competition for the dress manufacturing industry as approved on January 23, 1935  |w (OCoLC)700948481 
856 4 0 |u https://purl.fdlp.gov/GPO/gpo47929  |t 0 
999 |a MARS 
999 f f |s cc105dd2-aaab-30f9-9ed8-139583bf1502  |i 59e4e4f6-040c-3ff6-b154-5ece2e5d7d00  |t 0 
952 f f |a Texas A&M University  |b College Station  |c Electronic Resources  |d Available Online  |t 0  |e Y 3.N 21/8:7 AP.64/AMDT.5  |h Superintendent of Documents classification 
998 f f |a Y 3.N 21/8:7 AP.64/AMDT.5  |t 0  |l Available Online